00583nam a2200181Ia 4500020001800000082002800018245008500046260003900131300001000170504001900180650002000199650003000219650002200249650002200271650003600293650004900329700002300378 a0-7619-3287-9 a320.954 IND; SL1 0aIndia and the politics of developing countries: essays in memory of Myron Weiner aNew DelhibSage Publicationsc2004 a271p. aincludes index aEthnic politics aPolitical parties - India aDemocracy - India aPolitical economy aIndia - Politics and government aIndia - Ethnic relations - Political aspects aVarshney, Ashutosh